El cabildo abierto colonial : (Record no. 128574)

MARC details
000 -LEADER
campo de control de longitud fija 00671nam a2200181 i 4500
001 - NÚMERO DE CONTROL
campo de control 128574
003 - IDENTIFICADOR DE NÚMERO DE CONTROL
campo de control ES-MaACL
005 - FECHA Y HORA DE LA ÚLTIMA TRANSACCIÓN
campo de control 20230906193321.0
007 - CAMPO FIJO DE DESCRIPCIÓN FÍSICA--INFORMACIÓN GENERAL
campo de control de longitud fija t|
008 - DATOS DE LONGITUD FIJA--INFORMACIÓN GENERAL
campo de control de longitud fija 070518s1966 sp ||||1| spa d
080 ## - NÚMERO DE LA CLASIFICACIÓN DECIMAL UNIVERSAL
Número de la Clasificación Decimal Universal 35(8.03)(04)
100 1# - ENTRADA PRINCIPAL--NOMBRE DE PERSONA
Nombre de persona Tapia, Francisco Javier.
9 (RLIN) 138937
245 13 - MENCIÓN DEL TÍTULO
Título El cabildo abierto colonial :
Resto del título un estudio de la naturaleza y desarrollo del cabildo abierto durante los tres siglos de la administración colonial española en América /
Mención de responsabilidad, etc. Francisco Xavier Tapia.
260 ## - PUBLICACIÓN, DISTRIBUCIÓN, ETC.
Lugar de publicación, distribución, etc. Madrid :
Nombre del editor, distribuidor, etc. Cultura Hispánica,
Fecha de publicación, distribución, etc. 1966.
300 ## - DESCRIPCIÓN FÍSICA
Extensión 133 p. ;
Dimensiones 18 cm.
651 ## - PUNTO DE ACCESO ADICIONAL DE MATERIA--NOMBRE GEOGRÁFICO
Nombre geográfico América española-
Subdivisión general Administración.
9 (RLIN) 168386
852 4# - LOCALIZACIÓN
Ubicación ES-MaACL
Número de control de estantería C-31185
Holdings
Estatus retirado Estado de pérdida Estado de daño No para préstamo Biblioteca de origen Biblioteca actual Ubicación en estantería Fecha de adquisición Fuente de adquisición Total de préstamos Signatura topográfica completa Código de barras Visto por última vez Precio de reemplazo Tipo de ítem Koha
        Biblioteca del Ateneo de Madrid Biblioteca del Ateneo de Madrid Depósito 2 17/01/2008     C-31185 1133905 23/02/2023 23/02/2023 Libro impreso